000 00772nam a2200229Ii 4500
003 JO-AjNU
008 230605s9999||||xx |||||||||||||| ||und||
017 _a1067/6/2001
020 _a9957-07-064-11
040 _aJO-AjNU
_bara
_erda
_cJO-AjNU
041 _aara
050 1 4 _aLC4019.R6374 2010
100 3 _aالروسان،فاروق,
_eauthor
_923214
245 0 0 _aأساليب القياس والتشخيص في التربية الخاصة
250 _aط6
264 3 1 _aعمان:ار الفكر للطباعة والنشر والتوزيع،2010
300 _a380ص
336 _atext
_btxt
_2rdacontent
337 _aunmediated
_bn
_2rdamedia
338 _avolume
_bnc
_2rdacarrier
650 4 _aالتعليم الخاص-العلوم الحياتية
_923215
999 _aA8363
_c11931
_d11931